00871pam a2200241 a 450000100070000000500170000700800410002401000170006502000250008204000180010704100080012504300120013308000190014508200230016410000070018710100080019424502050020250400300040790600450043794200120048299900170049495201180051149822120180131043813.0850731s1985 njuaf b 000 0 eng  a 85018798  a0882820133 :c$16.95 aDLCcDLCdDLC aeng an-us--- a371.010973 FRA00a371.010973 FRA2191 a47 aEDU10aTo save our schools, to save our children :cby Marshall Frady ; the ABC Closeup News staff, Judy Crichton ... [et al.], and Joan S. Dunphy ; introduction by Robert Coles ; foreword by Peter Jennings. aBibliography: p. 189-196. a7bcbccorignewd1eocipf19gy-gencatlg 2ddccBK c41348d41348 00102udc40708PËKGa002b002cPËKGd2018-01-31l0o371.010973 FRAp002-2997084r2018-01-31w2018-01-31yBK